000 00737nam a22002417a 4500
003 UA-OsUOA
001 125093
007 ta
008 20170906b un ||||| |||| 00| 0 ukr d
100 _aБацак К. Ю.
090 _a94(477+450)
_bБ31
942 _cBK
040 _aUA-OsUOA
_bukr
_cUA-OsUOA
_dUA-OsUOA
245 _aІталійська еміграція в Україні наприкінці XVIII - у першій третині ХІХ століття
300 _a300 с.
955 _a1
041 _aukr
080 _a94(477+450)
020 _a966-316-040-3
260 _aК.
_bЗнання України
_c2004
650 7 _a9 Географія. Біографії. Історія
_2UDC
999 _c412290
_d412290